Normal view
MARC view
- ELECTRIC GENERATORS EXPERIMENTS; ELECTROSTAIC APPARATUS AND APPLIANCES EXPERIMENTS
Entry Topical Term
001 - CONTROL NUMBER
- control field: 60350
003 - CONTROL NUMBER IDENTIFIER
- control field: NUST
005 - DATE AND TIME OF LATEST TRANSACTION
- control field: 20210628202527.0
008 - FIXED-LENGTH DATA ELEMENTS
- fixed length control field: 210628|| aca||aabn | a|a d
040 ## - CATALOGING SOURCE
- Original cataloging agency: NUST
- Transcribing agency: NUST
150 ## - HEADING--TOPICAL TERM
- Topical term or geographic name entry element: ELECTRIC GENERATORS EXPERIMENTS; ELECTROSTAIC APPARATUS AND APPLIANCES EXPERIMENTS
670 ## - SOURCE DATA FOUND
- Source citation: Work cat.: (NUST): Ford, R.A 60349, Homemade lightning, creative experiments in electricity, 2001
